[Event "15th HZ Open"]
[Site "Vlissingen NED"]
[Date "2011.07.31"]
[Round "3"]
[White "Swijsen, Lars"]
[Black "Ten Hagen, Yorick"]
[Result "1-0"]
[WhiteElo "1960"]
[BlackElo "2189"]
[WhiteFideId "211800"]
[BlackFideId "1020072"]
[EventDate "2011.07.30"]

1. e4 d6 2. d4 Nf6 3. Nc3 g6 4. f4 Bg7 5. Nf3 O-O 6. Be2 Na6 7. O-O c5 8. d5 Nc7
9. a4 b6 10. Bc4 Bb7 11. Qe2 e6 12. dxe6 Nxe6 13. Rd1 Nh5 14. Bxe6 fxe6 15. Nb5
d5 16. exd5 exd5 17. Qe6+ Kh8 18. Nd6 Qc7 19. Ng5 Bd4+ 20. Rxd4 cxd4 21. Ngf7+
Rxf7 22. Nxf7+ Kg7 23. Nd6 Bc6 24. f5 Rd8 25. f6+ Nxf6 26. Bh6+ Kxh6 27. Nf5+
gxf5 28. Qxf6+ Kh5 29. Qxf5+ Kh6 30. Qf6+ Kh5 31. Rf1 Bd7 32. Qf7+ 1-0

[Event "15th HZ Open"]
[Site "Vlissingen NED"]
[Date "2011.07.31"]
[Round "3"]
[White "Arana Garate, Jon"]
[Black "Lacrosse, Marc"]
[Result "0-1"]
[BlackTitle "FM"]
[WhiteElo "1928"]
[BlackElo "2185"]
[WhiteFideId "22200622"]
[BlackFideId "200921"]
[EventDate "2011.07.30"]

1. d4 d5 2. Nf3 Nf6 3. Bf4 c5 4. e3 Nc6 5. c3 Qb6 6. Qb3 c4 7. Qxb6 axb6 8. Nbd2
b5 9. Ne5 Bf5 10. f3 h6 11. g4 Bh7 12. Bg2 e6 13. O-O Be7 14. Nxc6 bxc6 15. b4
Ra3 16. Rfc1 Kd7 17. e4 Rha8 18. Rc2 dxe4 19. Nxe4 Nd5 20. Bc1 Bxe4 21. fxe4
Rxc3 22. Rf2 Nxb4 23. Rxf7 Rxa2 24. Rxa2 Rxc1+ 0-1

[Event "15th HZ Open"]
[Site "Vlissingen NED"]
[Date "2011.07.31"]
[Round "3"]
[White "Stefan, Romulus-Cristian"]
[Black "Galle, Andre"]
[Result "1-0"]
[WhiteElo "2172"]
[BlackElo "2001"]
[WhiteFideId "1232835"]
[BlackFideId "201600"]
[EventDate "2011.07.30"]

1. f4 d5 2. Nf3 g6 3. g3 Bg7 4. Bg2 c5 5. d3 Nc6 6. c3 Qc7 7. Na3 Nf6 8. O-O O-O
9. Qa4 Bd7 10. Qc2 Rad8 11. e4 dxe4 12. dxe4 Bc8 13. Be3 b6 14. Rad1 Bb7 15. e5
Ng4 16. Bc1 Ba6 17. Rfe1 e6 18. Ng5 Nh6 19. Qa4 Bb7 20. Nb5 Qb8 21. Nd6 Na5 22.
Nxb7 Nxb7 23. Be3 Nf5 24. Bf2 h5 25. h3 Rxd1 26. Rxd1 Rd8 27. Rxd8+ Nxd8 28.
Qe8+ Bf8 29. Nxf7 Kg7 30. Nxd8 1-0

[Event "15th HZ Open"]
[Site "Vlissingen NED"]
[Date "2011.07.31"]
[Round "3"]
[White "Zaragatski, Ilja"]
[Black "Frost, Peter"]
[Result "1-0"]
[WhiteTitle "IM"]
[WhiteElo "2469"]
[BlackElo "1940"]
[WhiteFideId "4655192"]
[BlackFideId "3204634"]
[EventDate "2011.07.30"]

1. Nf3 Nf6 2. g3 g6 3. b3 Bg7 4. Bb2 O-O 5. Bg2 d6 6. d4 c6 7. O-O Nbd7 8. Nbd2
Qc7 9. c4 e5 10. Qc2 Re8 11. e4 exd4 12. Nxd4 Nf8 13. h3 Ne6 14. Ne2 Qe7 15.
Rae1 Bd7 16. f4 h6 17. e5 dxe5 18. fxe5 Qc5+ 19. Rf2 Nh7 20. Ne4 Qa5 21. Ref1
Re7 22. Nd6 Be8 23. Bc3 Qb6 24. Kh2 Nhf8 25. h4 Nd8 26. h5 Bxe5 27. Nxe8 Rxe8
28. hxg6 Nxg6 29. Rxf7 c5 30. R1f6 1-0

[Event "15th HZ Open"]
[Site "Vlissingen NED"]
[Date "2011.07.31"]
[Round "3"]
[White "Nieuwelink, Kees"]
[Black "Niewenhuis, Ruud"]
[Result "1-0"]
[WhiteElo "2177"]
[BlackElo "1923"]
[WhiteFideId "1003216"]
[BlackFideId "1002970"]
[EventDate "2011.07.30"]

1. e4 c5 2. Nf3 Nf6 3. e5 Nd5 4. c4 Nc7 5. d4 cxd4 6. Nxd4 Nc6 7. Nxc6 dxc6 8.
Bd3 Ne6 9. O-O g6 10. Be3 Qa5 11. f4 Ng7 12. Nc3 h5 13. Ne4 Bg4 14. Qc2 Bf5 15.
b4 Qc7 16. c5 Ne6 17. Rae1 Rd8 18. Nd6+ exd6 19. Bxf5 gxf5 20. exd6 Bxd6 21.
cxd6 Qxd6 22. Qxf5 b6 23. Qf6 O-O 24. f5 Ng7 25. Qh4 f6 26. Rf3 Kf7 27. Qc4+ Qd5
28. Qf4 Qd6 29. Qh6 Qxb4 30. Ref1 Qe4 31. Qg6+ Kg8 32. Rg3 Rf7 33. Bh6 Rdd7 34.
Qxh5 Qd4+ 35. Kh1 Qc4 36. Rc1 Qxc1+ 37. Bxc1 Rd3 38. Qe2 Rxg3 39. hxg3 Nxf5 40.
Qg4+ 1-0

[Event "15th HZ Open"]
[Site "Vlissingen NED"]
[Date "2011.07.31"]
[Round "3"]
[White "Olabe Odriozola, Eduardo"]
[Black "Both, Erik"]
[Result "0-1"]
[WhiteElo "1900"]
[BlackElo "2147"]
[WhiteFideId "2211980"]
[BlackFideId "1010999"]
[EventDate "2011.07.30"]

1. e4 g6 2. Nc3 Bg7 3. Bc4 a6 4. a4 b6 5. f4 e6 6. Nge2 Bb7 7. d3 d5 8. exd5
exd5 9. Ba2 d4 10. Ne4 Nf6 11. N2g3 O-O 12. O-O Bd5 13. Bxd5 Nxd5 14. f5 Nd7 15.
Bg5 f6 16. Bd2 Ne5 17. Qe2 Qe7 18. Rf2 Rae8 19. h3 c5 20. Nf1 Kh8 21. Nh2 Qd7
22. g4 a5 23. Qf1 g5 24. h4 gxh4 25. Qh3 c4 26. Nf3 Nxf3+ 27. Rxf3 c3 28. bxc3
dxc3 29. Bc1 Rf7 30. Qxh4 Bf8 31. Kg2 Bd6 32. Qh6 Rg8 33. Qh4 Be5 34. Bh6 Nb4
35. Rf2 Bd4 36. Re2 Qxf5 37. g5 fxg5 38. Qh5 Nd5 39. Ng3 0-1

[Event "15th HZ Open"]
[Site "Vlissingen NED"]
[Date "2011.07.31"]
[Round "3"]
[White "Grochal, Joey"]
[Black "Bernshtein, Tomer"]
[Result "1/2-1/2"]
[WhiteElo "2147"]
[BlackElo "1919"]
[WhiteFideId "1019945"]
[BlackFideId "2808137"]
[EventDate "2011.07.30"]

1. e4 e5 2. Nf3 Nc6 3. Bb5 a6 4. Ba4 Nf6 5. O-O Be7 6. Re1 b5 7. Bb3 d6 8. c3
O-O 9. h3 Nb8 10. d4 Nbd7 11. Nbd2 Bb7 12. Bc2 Re8 13. Nf1 Bf8 14. Ng3 g6 15. a4
c5 16. d5 c4 17. Bg5 h6 18. Be3 Nc5 19. Qd2 Kh7 20. Ra2 Qc7 21. Rea1 Bg7 22. Qd1
Nfd7 23. axb5 axb5 24. Rxa8 Rxa8 25. Rxa8 Bxa8 26. Qa1 Bb7 27. Nd2 Bc8 28. Qa3
Bf8 29. Qb4 Qb7 30. Ne2 Na6 31. Qa5 Be7 32. Nc1 Ndc5 33. Na2 Bd7 34. Nb4 Nxb4
35. Qxb4 Qa6 36. Nb1 Qa1 37. Kh2 Na6 38. Qa3 Qxa3 39. Nxa3 Nc5 40. g4 Bg5 41.
Bxg5 hxg5 42. Kg3 f6 43. Kf3 Kg7 44. Ke3 Kf7 45. Kd2 Ke7 46. Kc1 Kd8 47. Kb1 Kc7
48. Ka2 Kb6 49. Nb1 Be8 50. Nd2 Bd7 51. f3 1/2-1/2

[Event "15th HZ Open"]
[Site "Vlissingen NED"]
[Date "2011.07.31"]
[Round "3"]
[White "Jansen, Norbert"]
[Black "De Vleeschauwer, Maarten"]
[Result "0-1"]
[WhiteElo "2139"]
[BlackElo "1918"]
[WhiteFideId "1025422"]
[BlackFideId "214809"]
[EventDate "2011.07.30"]

1. e4 c5 2. Nf3 e6 3. d4 cxd4 4. Nxd4 Nf6 5. Nc3 Nc6 6. Nxc6 bxc6 7. e5 Nd5 8.
Ne4 Qc7 9. f4 Qb6 10. c4 Bb4+ 11. Ke2 Ba6 12. Kf3 f5 13. exf6 Nxf6 14. Be3 Qa5
15. Nxf6+ gxf6 16. Qd4 e5 17. fxe5 fxe5 18. Qh4 Rf8+ 19. Kg3 Be1+ 0-1

[Event "15th HZ Open"]
[Site "Vlissingen NED"]
[Date "2011.07.31"]
[Round "3"]
[White "De Kleuver, Jonathan"]
[Black "Blom, Vincent"]
[Result "0-1"]
[WhiteElo "1892"]
[BlackElo "2126"]
[WhiteFideId "1032690"]
[BlackFideId "1014358"]
[EventDate "2011.07.30"]

1. e4 c5 2. Nf3 Nc6 3. d4 cxd4 4. Nxd4 e5 5. Nb5 a6 6. Nd6+ Bxd6 7. Qxd6 Qf6 8.
Qd1 Qg6 9. Nc3 Nf6 10. f3 O-O 11. Kf2 d6 12. b3 b5 13. Nd5 Nxd5 14. Qxd5 Bd7 15.
c4 bxc4 16. Bxc4 Nd4 17. Ba3 Be6 18. Qxd6 Rfd8 19. Qe7 Bxc4 20. bxc4 Nc6 21. Qh4
Rd2+ 22. Ke3 Rad8 23. Qxd8+ Rxd8 24. Rad1 Qg5+ 25. Kf2 Rd2+ 26. Rxd2 Qxd2+ 27.
Kg3 h5 28. Rb1 g5 0-1

[Event "15th HZ Open"]
[Site "Vlissingen NED"]
[Date "2011.07.31"]
[Round "3"]
[White "Burg, Henk"]
[Black "Hekhuis, Jeroen"]
[Result "1-0"]
[WhiteElo "1882"]
[BlackElo "2117"]
[WhiteFideId "1017691"]
[BlackFideId "1011669"]
[EventDate "2011.07.30"]

1. e4 c5 2. Nf3 d6 3. d4 cxd4 4. Nxd4 Nf6 5. Nc3 g6 6. h3 Bg7 7. Be3 O-O 8. Be2
Nc6 9. O-O d5 10. exd5 Nxd5 11. Nxd5 Nxd4 12. Bxd4 Qxd5 13. Bxg7 Qxd1 14. Rfxd1
Kxg7 15. Rd2 Be6 16. a3 Rac8 17. c3 Rc5 18. Re1 b5 19. Bg4 Bxg4 20. hxg4 e6 21.
Rd7 a5 22. Rxe6 b4 23. cxb4 axb4 24. axb4 Rc1+ 25. Kh2 Rc2 26. f3 Rxb2 27. Rb6
Rc8 28. Rbb7 Rcc2 29. Rxf7+ Kh6 30. Kg3 Rc4 31. Rb5 1-0

[Event "15th HZ Open"]
[Site "Vlissingen NED"]
[Date "2011.07.31"]
[Round "3"]
[White "Smits, Benjamin"]
[Black "Stange, Sven"]
[Result "0-1"]
[WhiteElo "1875"]
[BlackElo "2110"]
[WhiteFideId "1019511"]
[BlackFideId "203890"]
[EventDate "2011.07.30"]

1. e4 e5 2. Nf3 Nf6 3. Nc3 Bb4 4. Nxe5 O-O 5. Be2 Re8 6. Nd3 Bxc3 7. dxc3 Nxe4
8. O-O d5 9. Be3 c6 10. Nf4 Nd6 11. Bg4 Nd7 12. Nh5 Ne5 13. Bxc8 Qxc8 14. Bd4
Nf5 15. f4 Ng6 16. Qf3 Nxd4 17. cxd4 Qf5 18. c3 Nh4 19. Qd1 Qg6 20. Ng3 Nf5 21.
Nxf5 Qxf5 22. Qd2 Re4 23. g3 Rae8 24. Rae1 h5 25. Rxe4 Rxe4 26. Re1 Qe6 27. Rxe4
Qxe4 28. a3 f5 29. Qf2 g6 30. Qd2 Kf7 31. Qf2 b6 32. Qd2 Ke6 33. Qf2 Kd6 34. Qd2
c5 35. Qf2 cxd4 36. cxd4 Qd3 37. Kg2 Kc6 38. Qf1 Qxf1+ 39. Kxf1 Kb5 40. Ke2 Kc4
41. Kd2 Kxd4 42. b3 b5 43. a4 b4 44. a5 a6 45. Kc2 Ke3 0-1

[Event "15th HZ Open"]
[Site "Vlissingen NED"]
[Date "2011.08.01"]
[Round "4"]
[White "Eisenbeiser, Amadeus"]
[Black "Postny, Evgeny"]
[Result "0-1"]
[WhiteTitle "IM"]
[BlackTitle "GM"]
[WhiteElo "2386"]
[BlackElo "2618"]
[WhiteFideId "4678338"]
[BlackFideId "2804344"]
[EventDate "2011.07.30"]

1. c4 Nf6 2. Nc3 e5 3. g3 Bb4 4. Bg2 Bxc3 5. dxc3 h6 6. Nf3 d6 7. O-O Nc6 8. Qc2
O-O 9. e4 Be6 10. b3 Qd7 11. Nh4 Bh3 12. Bxh3 Qxh3 13. Nf5 Rae8 14. Ne3 Ng4 15.
f3 Nxe3 16. Bxe3 Ne7 17. g4 h5 18. Qg2 hxg4 19. Qxg4 Qh7 20. Qd7 Nc6 21. c5 Re7
22. Qg4 Re6 23. Kh1 Rg6 24. Qf5 Rd8 25. cxd6 Rgxd6 26. Qxh7+ Kxh7 27. Rac1 Rd3
28. Rfe1 Ne7 29. Kg2 Ng6 30. Kf2 R8d6 31. Rc2 Nh4 32. Rg1 f5 33. exf5 Nxf5 34.
Re1 Rg6 35. Bxa7 Nh4 36. Ke2 Nxf3 37. Rd1 e4 38. Rcc1 Rg2+ 39. Bf2 Nxh2 40. Rg1
Rxg1 41. Rxg1 Nf3 42. Rg4 Rxc3 43. Rxe4 Ng5 44. Re7 Rc6 45. Kf1 Kg6 46. Bd4 Ne6
47. Be5 Rc5 48. Bb2 Rc6 49. Ke1 Rd6 50. Be5 Rd5 51. Bb2 Rd6 52. Be5 Rc6 53. Kd2
Kh6 54. a4 g5 55. b4 Kg6 56. b5 Rc5 57. Rxe6+ Kf5 58. Re7 Rxe5 59. Rxc7 b6 60.
Rc6 Re6 61. Rxe6 Kxe6 62. Ke3 Kd5 63. Kf3 Kc5 64. Kg4 Kb4 65. Kxg5 Kxa4 66. Kf4
Kxb5 67. Ke3 Kb4 68. Kd2 Kb3 69. Kc1 b5 0-1

[Event "15th HZ Open"]
[Site "Vlissingen NED"]
[Date "2011.08.01"]
[Round "4"]
[White "De Jong, Migchiel"]
[Black "Sveshnikov, Evgeny"]
[Result "1/2-1/2"]
[WhiteTitle "IM"]
[BlackTitle "GM"]
[WhiteElo "2376"]
[BlackElo "2514"]
[WhiteFideId "1002848"]
[BlackFideId "4100638"]
[EventDate "2011.07.30"]

1. e4 c5 2. Nf3 Nc6 3. Bb5 d6 4. O-O Bd7 5. Re1 Nf6 6. h3 a6 7. Bxc6 Bxc6 8. e5
dxe5 9. Nxe5 Qd5 10. Nxc6 Qxc6 11. d3 e6 12. Nd2 Be7 13. Nc4 b5 14. Ne5 Qb7 15.
b3 Nd7 16. Nxd7 Qxd7 17. Bb2 O-O 18. Qg4 g6 19. Qe4 Qc7 20. a4 1/2-1/2

[Event "15th HZ Open"]
[Site "Vlissingen NED"]
[Date "2011.08.01"]
[Round "4"]
[White "Hoffmann, Michael1"]
[Black "Kuipers, Stefan"]
[Result "1/2-1/2"]
[WhiteTitle "GM"]
[BlackTitle "FM"]
[WhiteElo "2493"]
[BlackElo "2365"]
[WhiteFideId "4601297"]
[BlackFideId "1018400"]
[EventDate "2011.07.30"]

1. e4 c5 2. Nf3 Nc6 3. Bb5 d6 4. Bxc6+ bxc6 5. O-O e5 6. c3 Nf6 7. Re1 Bg4 8.
Qa4 Qc7 9. d4 cxd4 10. cxd4 Bxf3 11. gxf3 Nd7 12. Be3 Be7 13. Rc1 Rc8 14. d5 c5
15. b4 O-O 16. Nd2 f5 17. exf5 Nb6 18. Qb3 Kh8 19. Qd3 Qd7 20. bxc5 dxc5 21. d6
Qxd6 22. Qxd6 Bxd6 23. Ne4 Be7 24. Nxc5 Rxf5 25. Ne6 Re8 26. a4 Rxf3 27. a5 Nd5
28. Bxa7 Ba3 29. Rc4 h6 30. Rd1 Rxe6 31. Rxd5 Bb2 32. Ra4 Ra6 33. Rd7 Rf5 34.
Rg4 e4 35. Bb6 Raxa5 36. Bxa5 Rxa5 37. Rxe4 Bf6 38. Kg2 Rg5+ 39. Kf1 Rh5 40. Kg2
Rg5+ 41. Kf3 Rf5+ 42. Kg3 Rg5+ 43. Rg4 Rxg4+ 44. Kxg4 Kh7 45. Kf5 Bb2 46. h4 Bc3
47. h5 Bf6 48. f4 Bc3 49. Ke6 Bf6 50. Kf7 Bc3 51. Rd5 Bb2 52. Rc5 Bd4 53. Re5
Bc3 54. Re4 Bb2 55. Re6 Bc3 56. Rg6 Bd4 57. f5 Bc3 58. Rxg7+ Bxg7 59. f6 Bxf6
60. Kxf6 Kh8 1/2-1/2

[Event "15th HZ Open"]
[Site "Vlissingen NED"]
[Date "2011.08.01"]
[Round "4"]
[White "Burg, Twan"]
[Black "Vishnu Prasanna. V"]
[Result "1-0"]
[WhiteTitle "IM"]
[BlackTitle "IM"]
[WhiteElo "2450"]
[BlackElo "2340"]
[WhiteFideId "1010697"]
[BlackFideId "5030692"]
[EventDate "2011.07.30"]

1. e4 c5 2. Nf3 d6 3. d4 cxd4 4. Nxd4 Nf6 5. Nc3 a6 6. Bg5 e6 7. f4 Qb6 8. Qd3
Nc6 9. Bxf6 gxf6 10. Nb3 Bd7 11. Be2 h5 12. Rf1 O-O-O 13. O-O-O Kb8 14. Kb1 Be7
15. Qh3 h4 16. Bg4 Bc8 17. f5 Ne5 18. fxe6 Nxg4 19. Nd5 Qa7 20. Qxg4 Bxe6 21.
Qf4 Bf8 22. Qxf6 Bh6 23. Nd4 Bxd5 24. exd5 Be3 25. Nf5 Bc5 26. Nxh4 Qb6 27. Nf3
Rhg8 28. Ne1 Rd7 29. h4 Rg4 30. Qf5 Ba3 31. Nd3 Rd4 32. Qxd7 Rxd3 33. Qe8+ Ka7
34. Qh8 Rg3 35. Rf3 1-0

[Event "15th HZ Open"]
[Site "Vlissingen NED"]
[Date "2011.08.01"]
[Round "4"]
[White "In't Veld, Daan"]
[Black "Van Haastert, Edwin"]
[Result "0-1"]
[BlackTitle "IM"]
[WhiteElo "2224"]
[BlackElo "2421"]
[WhiteFideId "1016270"]
[BlackFideId "1003992"]
[EventDate "2011.07.30"]

1. e4 c5 2. Nf3 e6 3. Nc3 a6 4. d4 cxd4 5. Nxd4 Qc7 6. Bd3 Nf6 7. O-O Bc5 8. Nb3
Be7 9. a4 Nc6 10. f4 d6 11. a5 b5 12. axb6 Qxb6+ 13. Kh1 O-O 14. Na4 Qc7 15. Be3
Rb8 16. c3 e5 17. Nd2 exf4 18. Bxf4 Ne5 19. Nf3 Bb7 20. Bxe5 dxe5 21. Qe2 Rfd8
22. Bxa6 Bxe4 23. b4 Bxf3 24. Qxf3 e4 25. Qh3 Rd2 26. Nc5 Bxc5 27. bxc5 Rbb2 28.
Bc4 Rd8 29. Qf5 e3 30. Qg5 e2 31. Bxe2 h6 32. Qh4 Qxc5 33. Qc4 Qxc4 34. Bxc4 Rc8
35. Bd3 Nd5 36. Rfc1 g5 37. Ra5 Rxc3 38. Rxc3 Nxc3 39. h4 Nd1 40. Kh2 Ne3 41.
Be4 Rb4 42. Ra8+ Kg7 43. hxg5 Rxe4 44. gxh6+ Kxh6 45. Rg8 Rg4 46. Rh8+ Kg7 47.
Rh3 Nxg2 48. Rf3 Nf4 49. Kh1 Kg6 50. Rf2 Kg5 51. Rg2 Nxg2 0-1

[Event "15th HZ Open"]
[Site "Vlissingen NED"]
[Date "2011.08.01"]
[Round "4"]
[White "Haimovich, Tal"]
[Black "Swijsen, Lars"]
[Result "1-0"]
[WhiteTitle "IM"]
[WhiteElo "2419"]
[BlackElo "1960"]
[WhiteFideId "2801698"]
[BlackFideId "211800"]
[EventDate "2011.07.30"]

1. e4 e6 2. d4 d5 3. Nc3 Bb4 4. e5 c5 5. Bd2 Nh6 6. a3 Bxc3 7. Bxc3 b6 8. Nf3
O-O 9. b4 a5 10. Be2 f5 11. exf6 gxf6 12. O-O cxd4 13. Nxd4 e5 14. Nb5 Be6 15.
f4 Nf5 16. fxe5 Ne3 17. Qd2 Nxf1 18. Rxf1 Nd7 19. exf6 Bf7 20. Qh6 1-0

[Event "15th HZ Open"]
[Site "Vlissingen NED"]
[Date "2011.08.01"]
[Round "4"]
[White "Laarhoven, Thijs"]
[Black "Tan, Matthew"]
[Result "0-1"]
[BlackTitle "FM"]
[WhiteElo "2228"]
[BlackElo "2400"]
[WhiteFideId "1021265"]
[BlackFideId "1011316"]
[EventDate "2011.07.30"]

1. e4 e6 2. d4 d5 3. Nd2 Nf6 4. e5 Nfd7 5. Bd3 c5 6. c3 Nc6 7. Ne2 cxd4 8. cxd4
f6 9. exf6 Nxf6 10. O-O Bd6 11. Nf3 Qc7 12. h3 O-O 13. Be3 Bd7 14. Rc1 Rae8 15.
a3 Qb8 16. b4 a6 17. Bb1 b5 18. Qd3 Re7 19. Ng5 g6 20. f4 a5 21. bxa5 Nxa5 22.
Bd2 Nc4 23. Bb4 Bxb4 24. axb4 Qd6 25. Bc2 Qxb4 26. Ra1 Ne4 27. Rfb1 Qd6 28. Nxe4
dxe4 29. Qg3 b4 30. Rc1 Bb5 31. Bxe4 Nd2 32. Bd3 b3 33. Bxb5 b2 34. Qc3 bxc1=Q+
35. Rxc1 Ne4 36. Qe3 Nf6 37. Rc6 Nd5 38. Qe4 Qb4 39. Rxe6 Qxb5 40. Rxe7 Nxe7 41.
Qxe7 Re8 42. Nc3 Qb1+ 43. Nxb1 Rxe7 44. Nd2 Re2 45. Nf3 Re4 46. f5 gxf5 47. Kf2
h6 48. Kg3 Kf7 49. Ne5+ Ke6 50. Nf3 Kd5 51. Nh4 Ke6 52. Nf3 Kd5 53. Nh4 Ke6 54.
Nf3 Kf6 55. Kf2 Kf7 56. Kg3 Ke6 57. Kf2 Kd5 58. Kg3 Re2 59. Kf4 Rxg2 60. Kxf5
Rg3 61. Kf4 Rxh3 62. Ke3 Rh1 63. Kf4 Rf1 64. Ke3 Ra1 65. Kf4 Ra8 66. Kg4 Ke4 67.
Nh4 Ra5 68. Kg3 Rg5+ 69. Kh3 Rg8 70. Kh2 Kxd4 71. Kh3 Ke4 72. Kh2 Kf4 73. Ng2+
Kg5 74. Kg3 Ra8 75. Ne1 Ra3+ 76. Nf3+ Kf5 77. Kg2 Kf4 78. Nh2 Rg3+ 79. Kf2 Rg8
80. Nf3 h5 81. Ne1 Kg4 82. Kg2 Ra8 83. Nd3 Ra2+ 84. Nf2+ Kf4 85. Kg1 h4 86. Kg2
h3+ 87. Kg1 h2+ 88. Kh1 Kf3 89. Nd3 Re2 90. Nc5 Kg4 91. Nd3 Kg3 0-1

[Event "15th HZ Open"]
[Site "Vlissingen NED"]
[Date "2011.08.01"]
[Round "4"]
[White "Kuling, Lody"]
[Black "Fernandez, Daniel Howard"]
[Result "1/2-1/2"]
[BlackTitle "IM"]
[WhiteElo "2223"]
[BlackElo "2328"]
[WhiteFideId "1019686"]
[BlackFideId "5801605"]
[EventDate "2011.07.30"]

1. e4 c5 2. Nf3 e6 3. d4 cxd4 4. Nxd4 a6 5. Nc3 b5 6. Bd3 Bb7 7. O-O Ne7 8. a4
b4 9. Na2 Nec6 10. Nf3 a5 11. Bg5 Be7 12. Bxe7 Qxe7 13. Nc1 d6 14. Nb3 O-O 15.
Qe2 Nd7 16. Rfe1 Rfd8 17. Qe3 Qf6 18. Rab1 h6 19. h3 g5 20. Bb5 Qf4 21. Rbd1
Qxe3 22. Rxe3 Nde5 23. Nxe5 Nxe5 24. Rd4 Ba6 25. Bxa6 Rxa6 26. c3 Rb8 27. cxb4
axb4 28. a5 Kf8 29. Re2 Ke7 30. Rc2 Nc6 31. Rd1 Rb5 32. Rxc6 Rxc6 33. Nd4 Rbc5
34. Nxc6+ Rxc6 35. Rd4 Rc1+ 36. Kh2 Ra1 37. Rxb4 Rxa5 38. Kg3 1/2-1/2

[Event "15th HZ Open"]
[Site "Vlissingen NED"]
[Date "2011.08.01"]
[Round "4"]
[White "Nabuurs, Joep"]
[Black "Van Dooren, Dirk"]
[Result "1/2-1/2"]
[BlackTitle "FM"]
[WhiteElo "2218"]
[BlackElo "2290"]
[WhiteFideId "1020013"]
[BlackFideId "1015761"]
[EventDate "2011.07.30"]

1. e4 e5 2. Nf3 Nc6 3. Bb5 a6 4. Ba4 Nf6 5. O-O b5 6. Bb3 Bc5 7. a4 Rb8 8. Re1
O-O 9. c3 d5 10. exd5 Nxd5 11. d4 exd4 12. cxd4 Bb4 13. Bg5 Qd6 14. Nbd2 Bxd2
15. Nxd2 Be6 16. axb5 axb5 17. Ne4 Qb4 18. Bxd5 Bxd5 19. Nf6+ gxf6 20. Bxf6 Be6
21. Qh5 Qd2 22. Re3 Qc2 23. Rg3+ Qg6 24. Qh6 Bg4 25. Qf4 h5 26. h3 Nb4 27. hxg4
h4 28. Bxh4 Nd5 29. Qf5 c6 30. Rc1 Rbc8 31. Ra3 Rfe8 32. Ra6 Qxf5 33. gxf5 Re4
34. Bg3 Nb4 35. Rb6 Rxd4 36. Rxb5 Nd3 37. Rc3 cxb5 38. Rxc8+ Kg7 39. Rc6 Rd5 40.
Rd6 Rxd6 41. Bxd6 Kf6 42. g4 Kg5 43. f3 Nxb2 44. Kf2 b4 45. Be7+ Kf4 46. Bd6+
Kg5 47. Be7+ Kf4 48. Bd6+ 1/2-1/2

[Event "15th HZ Open"]
[Site "Vlissingen NED"]
[Date "2011.08.01"]
[Round "4"]
[White "Lacrosse, Marc"]
[Black "Timmermans, Ivo"]
[Result "1-0"]
[WhiteTitle "FM"]
[WhiteElo "2185"]
[BlackElo "2232"]
[WhiteFideId "200921"]
[BlackFideId "1002910"]
[EventDate "2011.07.30"]

1. d4 d5 2. c4 c6 3. Nf3 Nf6 4. Nc3 dxc4 5. a4 Bf5 6. Ne5 Nbd7 7. Nxc4 Nb6 8.
Ne5 a5 9. f3 Nfd7 10. Nxd7 Nxd7 11. e4 Bg6 12. Be2 Qb6 13. f4 e6 14. O-O f6 15.
Be3 e5 16. fxe5 fxe5 17. Kh1 Be7 18. Qd2 Rd8 19. d5 Nc5 20. Rad1 Qb4 21. Bxc5
Qxc5 22. Nb5 Qb4 23. d6 Qxd2 24. Rxd2 Bf6 25. Nc7+ Kf8 26. Ne6+ Ke8 27. Nxd8
Kxd8 28. Bf3 Bf7 29. Rb1 Bg5 30. Rd3 Ba2 31. Ra1 Bc4 32. Rc3 Be6 33. Be2 Rf8 34.
Rf1 Rxf1+ 35. Bxf1 Kd7 36. Bc4 Bxc4 37. Rxc4 Kxd6 38. b4 Bd2 39. bxa5 Bxa5 40.
Kg1 b5 41. axb5 cxb5 42. Rc1 Bb6+ 43. Kf1 b4 44. Ke2 Bd4 45. Rb1 Bc3 46. Kd3 Ke6
47. Rf1 h5 48. g3 g6 49. h3 Bd4 50. Kc4 Bc3 51. g4 hxg4 52. hxg4 Bd2 53. Kd3 Bg5
54. Kc4 Bf4 55. Kxb4 Kf6 56. Kc4 Kg5 57. Rg1 Be3 58. Rg2 Kf4 59. Kd5 Kf3 60. Ra2
Bf4 61. g5 Kg4 62. Rg2+ Kf3 63. Rg1 Bh2 64. Rh1 Bf4 65. Rh6 Bxg5 66. Rxg6 Bf4
67. Re6 1-0

[Event "15th HZ Open"]
[Site "Vlissingen NED"]
[Date "2011.08.01"]
[Round "4"]
[White "Stange, Sven"]
[Black "Ikonnikov, Vyacheslav"]
[Result "0-1"]
[BlackTitle "GM"]
[WhiteElo "2110"]
[BlackElo "2553"]
[WhiteFideId "203890"]
[BlackFideId "4100972"]
[EventDate "2011.07.30"]

1. d4 Nf6 2. c4 e6 3. Nf3 b6 4. g3 Ba6 5. b3 d5 6. Bg2 Bb4+ 7. Bd2 Be7 8. Bc3
O-O 9. Ne5 Bb7 10. O-O Nbd7 11. Nd2 c5 12. Qc2 Qc7 13. Nxd7 Qxd7 14. Qb2 dxc4
15. Bxb7 Qxb7 16. bxc4 cxd4 17. Bxd4 Rfd8 18. Rfd1 Rd7 19. Nf3 Rc8 20. a4 Qc7
21. Rdc1 Qd8 22. Rc2 Bf8 23. e3 Ne4 24. Qa2 Bb4 25. Qb2 Qf8 26. Rb1 Bc5 27. a5
f6 28. axb6 axb6 29. Bxc5 bxc5 30. Qb6 Qe8 31. Rcb2 g5 32. h3 h5 33. Qa6 g4 34.
hxg4 hxg4 35. Nh4 Rcd8 36. Rb7 Kf7 37. Qa7 f5 38. Rd1 Re7 39. Rxe7+ Qxe7 40.
Qxe7+ Kxe7 41. Ng6+ Ke8 42. Rxd8+ Kxd8 43. Ne5 Kc7 44. Kf1 Kb6 45. Ke2 Ka5 46.
Nd3 Ka4 47. Nf4 Kb3 48. Nxe6 Kxc4 49. Ng7 Nd6 50. f3 Kb3 51. Ne6 c4 52. fxg4
fxg4 53. Nc5+ Kb4 54. Nd7 Ne4 55. Ne5 Kb3 56. Nxg4 c3 57. Ne5 c2 58. Nd3 Kc3 59.
Ne1 Kb2 60. Nd3+ Kb1 0-1

[Event "15th HZ Open"]
[Site "Vlissingen NED"]
[Date "2011.08.01"]
[Round "4"]
[White "Hortensius, Lisa"]
[Black "Henrichs, Thomas"]
[Result "0-1"]
[BlackTitle "IM"]
[WhiteElo "2088"]
[BlackElo "2475"]
[WhiteFideId "1012339"]
[BlackFideId "4626605"]
[EventDate "2011.07.30"]

1. e4 c5 2. Nf3 e6 3. d4 cxd4 4. Nxd4 a6 5. Bd3 Bc5 6. Nb3 Be7 7. Qg4 g6 8. a4
Nc6 9. Nc3 d6 10. a5 Nf6 11. Qe2 Ne5 12. Na4 O-O 13. Nb6 Rb8 14. O-O Bd7 15. Nd4
Qc7 16. f4 Nc6 17. Nb3 Rfd8 18. Be3 Be8 19. Rad1 Nb4 20. Bd4 e5 21. Bc3 Nxd3 22.
cxd3 Bc6 23. Nd2 Nh5 24. f5 Nf4 25. Qf3 f6 26. fxg6 hxg6 27. Ndc4 d5 28. exd5
Nxd5 29. Nxd5 Rxd5 30. Qg3 Be8 31. Kh1 Rbd8 32. Nb6 Rc5 33. d4 exd4 34. Qxc7
Rxc7 35. Rxd4 Rxd4 36. Bxd4 Bf7 37. h3 f5 38. Bc3 Bg5 39. Re1 Re7 40. Rxe7 Bxe7
41. Kg1 Bc5+ 42. Kf1 Be8 43. Nd5 Bb5+ 44. Ke1 Bc6 45. Nf4 g5 46. Ne6 Be7 47. Kf2
Kf7 48. Nd4 Be4 49. Nf3 Ke6 50. Bd2 f4 51. h4 gxh4 52. Bxf4 Kf5 53. Bd2 Bf6 54.
b4 Kg4 55. Nh2+ Kh5 56. Nf3 Be7 57. Ke3 Bd5 58. Be1 Bf6 59. Kf2 Bd8 60. Ke3 Be7
61. Kf2 Kg4 62. Ne5+ Kf5 63. Nf3 Ke4 64. Ke2 Bc4+ 65. Kf2 Bd5 66. Kg1 h3 67. Kf2
hxg2 68. Kxg2 Bf6 69. Nd2+ Kd3+ 70. Nf3 Bxf3+ 71. Kxf3 Bc3 0-1